[Event "Orbis-2 GM 2018"]
[Site "Paracin"]
[Date "2018.12.08"]
[Round "8"]
[White "Gukesh D"]
[Black "Aithmidou, Mohamed-Mehdi"]
[Result "1-0"]
[WhiteElo "2466"]
[BlackElo "2261"]
[Annotator "TA"]
[PlyCount "128"]
[EventDate "2018.12.03"]
[EventType "tourn"]
[EventCountry "SRB"]
[SourceTitle "playchess.com"]
[Source "ChessBase"]
[SourceQuality "1"]

{[%evp 23,128,0,1,1,19,2,6,3,8,21,3,21,14,24,118,113,168,160,172,163,189,96,113,102,115,111,131,123,125,83,83,83,89,88,147,146,158,150,147,157,149,154,156,150,160,154,225,128,128,122,173,182,164,140,151,152,161,152,161,166,302,286,370,259,424,412,423,422,416,424,423,423,411,416,412,289,416,396,729,666,763,537,773,663,1014,1013,975,948,900,901,1343,1310,5716,6981,5636,5507,7650,7444,2622,7140,29981,29983,29990,0,29975,29976,29980]} 1. Nf3 c5 2. c4 Nc6 3. Nc3 e5 4. g3 g6 5. Bg2 Bg7 6. O-O Nge7 7. d3 O-O 8. a3 d6 9. Rb1 a5 10. Bd2 Rb8 11. Nb5 {A37: Symmetrical English vs ...g6: 4 Bg2 Bg7 5 Nf3} (11. Qa4 Be6 12. Nb5 d5 13. cxd5 Bxd5 14. Nc3 Be6 15. Ng5 Bf5 16. Nge4 b6 17. Nxc5 bxc5 18. Bxc6 Nxc6 19. Qxc6 {½-½ (31) Gledura,B (2612)-Vachier Lagrave,M (2793) Caleta 2018}) 11... d5 12. cxd5 Nxd5 {LiveBook: 4 Games} 13. Qb3 {The position is equal.} Nde7 14. Qc2 b6 15. b4 axb4 16. axb4 Nd4 $146 ({Predecessor:} 16... Nxb4 17. Bxb4 cxb4 18. Rxb4 Be6 {½-½ (32) Dyshkant,F-Robertshaw,A (2011) ICCF email 2016}) 17. Nfxd4 cxd4 18. Na7 Bg4 (18... Bb7 $11 {keeps the balance.} 19. b5 Bxg2 20. Kxg2 Ra8) 19. b5 $16 {[%cal Bb4b5,Bb5c6][%mdl 32]} Qd7 (19... Re8 $16 {keeps fighting.}) 20. Nc6 $18 Nxc6 21. bxc6 Qc7 22. Bb4 (22. e3 $18) 22... Rfd8 23. Ra1 Ra8 24. Qb2 Bf8 25. Bxf8 Kxf8 26. h3 Be6 27. Ra3 Rxa3 28. Qxa3+ Ke8 ({Better is} 28... Kg7) 29. Rb1 $16 Bd5 30. Bxd5 Rxd5 {[%mdl 4096] Endgame [#] KQR-KQR} 31. Qa8+ $1 Rd8 32. Qb7 Qxb7 33. cxb7 {Threatens to win with Ra1. KR-KR} Kd7 34. Rxb6 Rb8 {[#]} (34... Kc7 $16 {was necessary.} 35. b8=R Rxb8) 35. f4 (35. g4 $1 $18) 35... exf4 36. gxf4 Kc7 (36... f5 $16 {is a better defense.} 37. Kf2 Kc7) 37. Rf6 $18 Rf8 38. Kf2 Kxb7 39. Rd6 Kc7 40. Rxd4 Ra8 41. e4 {[%cal Be2e4,Be4e5][%mdl 32]} Ra1 (41... Ra5 $142 42. e5 f6) 42. e5 Ra6 43. Kf3 Re6 $2 (43... f5 44. Kg3 Rb6) 44. Ke4 Ra6 45. Rd5 Ra4+ 46. d4 Ra6 47. Rc5+ Kd7 48. Rb5 Ra7 49. Kd5 Rc7 (49... h5 $142 50. Rb3 h4) 50. h4 h5 $2 (50... Ra7 51. Rb4 Kc7) 51. Rb6 Ra7 52. Ke4 Ra4 53. Rf6 Ke7 54. f5 gxf5+ 55. Rxf5 Ra1 56. Rxh5 Re1+ 57. Kd5 Rh1 58. Rh8 Rh2 59. h5 Rh1 60. h6 Rh4 61. h7 (61. Kc5 $142 Rh1 62. h7 Rc1+ 63. Kb6 Rb1+ 64. Kc6 Rc1+ 65. Kb6 Rb1+ 66. Kc5 Rc1+ 67. Kb6) 61... Kd7 62. Rf8 Ke7 63. Rh8 $2 (63. h8=Q {mates} Rxh8 64. Rxh8 Kd7 65. Rh7 Ke8 66. e6 fxe6+ 67. Kxe6 Kd8 68. Rb7) 63... Rh1 $2 {[%mdl 8192] [#]} (63... Kd7 $11 64. Rf8 Rxh7 65. Rxf7+ {[%mdl 64] Remove Defender, Decoy} Rxf7 66. e6+ {[%mdl 64] Double Attack} Ke7 67. exf7 Kxf7 68. Kd6 Kg6) 64. e6 $1 Rh5+ {Accuracy: White = 84%, Black = 33%.} (64... fxe6+ 65. Kc6) 1-0

[Event "Orbis-2 GM 2018"]
[Site "Paracin"]
[Date "2018.12.08"]
[Round "8"]
[White "Stankovic, Milos"]
[Black "Savic, Miodrag R"]
[Result "1/2-1/2"]
[WhiteElo "2451"]
[BlackElo "2511"]
[Annotator "TA"]
[PlyCount "30"]
[EventDate "2018.12.03"]
[EventType "tourn"]
[EventCountry "SRB"]
[SourceTitle "playchess.com"]
[Source "ChessBase"]
[SourceQuality "1"]

{[%evp 22,30,43,30,56,59,70,66,90,81,93]} 1. e4 e5 2. Nf3 Nc6 3. Nc3 Nf6 4. g3 g6 5. Bg2 Bg7 6. O-O O-O 7. d3 d6 8. h3 h6 9. Be3 {A05: Réti Opening: 1 Nf3 Nf6} Be6 10. d4 (10. Qd2 Qd7 11. Kh2 Kh7 {½-½ (11) Hulak,K (2562)-Palac,M (2567) Sibenik 2007}) 10... exd4 11. Nxd4 Nxd4 12. Bxd4 {LiveBook: 3 Games} Bc4 $146 ({Predecessor:} 12... Qd7 13. Kh2 a6 14. f4 c5 15. Be3 Rad8 16. Qd2 Kh7 {1-0 (37) Galego,L (2463)-Pajeken,W (2308) Reykjavik 2014}) 13. Re1 c6 14. Qd2 Kh7 15. Rad1 Re8 1/2-1/2

[Event "Orbis-2 GM 2018"]
[Site "Paracin"]
[Date "2018.12.08"]
[Round "8"]
[White "Djordjevic, Vuk"]
[Black "Krishnater Kushager"]
[Result "1-0"]
[WhiteElo "2414"]
[BlackElo "2305"]
[Annotator "TA"]
[PlyCount "67"]
[EventDate "2018.12.03"]
[EventType "tourn"]
[EventCountry "SRB"]
[SourceTitle "playchess.com"]
[Source "ChessBase"]
[SourceQuality "1"]

{[%evp 11,67,9,21,21,112,-19,19,7,82,0,0,0,0,-33,-9,-39,-27,-33,-10,-35,0,-51,-18,0,113,-7,-12,-2,-28,-21,-20,-29,138,144,143,143,135,116,256,204,99,68,75,64,95,91,184,171,152,189,144,36,225,208,181,87,337,384]} 1. d4 {[%cal Bd2d4,Bd4d5][%mdl 32]} Nf6 2. Bg5 e6 3. e4 c5 4. d5 Qb6 $146 (4... h6 5. Bxf6 Qxf6 6. Nc3 a6 7. Nf3 d6 8. a4 Qe7 9. Bc4 e5 10. Be2 g6 11. O-O h5 12. Nd2 {½-½ (34) Kryakvin,D (2595)-Romanov,E (2614) Sochi 2018}) 5. Nc3 Qxb2 6. Bd2 {A45: Trompowsky Attack} Qb6 $1 {LiveBook: 9 Games} 7. Nf3 exd5 (7... Qd8 $11 {remains equal.}) 8. exd5 (8. e5 $1 $16 {[%cal Re5f6]} Qe6 9. Bf4) 8... d6 9. Bb5+ Bd7 (9... Nbd7 $1 $11) 10. Bd3 (10. Bxd7+ $1 $16 Nbxd7 11. O-O) 10... Be7 $11 11. O-O O-O 12. h3 Qc7 13. Bc4 Qc8 14. Re1 Re8 15. Bg5 h6 16. Bh4 (16. Rxe7 $11 Rxe7 17. Bxf6 gxf6 18. Qc1) 16... Bf5 17. Nb5 g5 {[#]} (17... Bh7 $11 {keeps the balance.}) 18. Bg3 (18. Nxg5 $1 $16 {[%mdl 512]} hxg5 19. Rxe7 $1 {[%mdl 512]}) 18... Ne4 {Strongly threatening ...a6.} 19. Bd3 $36 {[%mdl 2048] White has some pressure.} Nxg3 20. fxg3 {Threatens to win with Rxe7!} Bxd3 21. Qxd3 Na6 $2 {[#]} ({Black should play} 21... c4 $11 22. Qa3 Nd7) 22. Rxe7 $1 $16 {[%mdl 64] Remove Defender} Rxe7 23. Nxd6 Qf8 24. Nf5 {[%mdl 1024] White has strong compensation.} Ree8 (24... Nb4 $16 25. Qd2 Rd7) 25. c4 Nb8 (25... f6 $18 26. d6 Nb4) 26. Rf1 {[%cal Ba1f1,Bf1b1,Bb1b7][%mdl 32]} Nd7 27. Nd2 a5 28. Rb1 Ne5 (28... b6 $16) 29. Qc3 $18 Ng6 30. Rxb7 {Qf6 is the strong threat.} Re5 31. Qf3 (31. g4 $16) 31... Rae8 $2 (31... Ne7 $1 $14 32. Nd6 f5) 32. Nf1 (32. Nxh6+ Qxh6 33. Qxf7+ Kh8 $11) 32... Re1 {[#]} 33. Qh5 (33. Nxh6+ Qxh6 34. Qxf7+ Kh8 $11) (33. d6 $1 $18 {is more deadly.}) 33... Kh7 $2 {[#]} (33... Rb8 $16 34. Nxh6+ {[%mdl 64] Double Attack} Kg7 35. Rxb8 (35. Rxf7+ Qxf7 36. Nxf7 Rbb1 $11) 35... Qxb8 36. Qxg5 Qe5 37. Nf5+ Kg8) 34. Nxh6 $1 {[%mdl 512] Accuracy: White = 47%, Black = 23%.} 1-0

[Event "Orbis-2 GM 2018"]
[Site "Paracin"]
[Date "2018.12.09"]
[Round "9"]
[White "Savic, Miodrag R"]
[Black "Kosic, Dragan"]
[Result "1/2-1/2"]
[WhiteElo "2511"]
[BlackElo "2488"]
[Annotator "TA"]
[PlyCount "28"]
[EventDate "2018.12.03"]
[EventType "tourn"]
[EventCountry "SRB"]
[SourceTitle "playchess.com"]
[Source "ChessBase"]
[SourceQuality "1"]

{[%evp 23,28,7,20,8,27,-29,0]} 1. e4 e6 2. d4 d5 3. e5 c5 4. c3 Nc6 5. Nf3 Nge7 6. a3 cxd4 7. cxd4 Nf5 8. Nc3 Bd7 9. Be2 Be7 10. O-O O-O {C02: French: Advance Variation} 11. b4 Rc8 12. Bb2 f6 {[%cal Bf7f6,Bf6e5][%mdl 32] LiveBook: 3 Games} 13. Rc1 Be8 $146 ({Predecessor:} 13... a6 14. Re1 b5 15. Bd3 fxe5 16. dxe5 Be8 17. Ne2 {1-0 (43) Grosar,A (2455)-Sifrer,D (2355) Ljubljana 1992}) 14. Na4 (14. h3 $142) 14... fxe5 1/2-1/2

[Event "Orbis-2 GM 2018"]
[Site "Paracin"]
[Date "2018.12.09"]
[Round "9"]
[White "Mendonca, Leon Luke"]
[Black "Pikula, Dejan"]
[Result "1/2-1/2"]
[WhiteElo "2350"]
[BlackElo "2486"]
[Annotator "TA"]
[PlyCount "94"]
[EventDate "2018.12.03"]
[EventType "tourn"]
[EventCountry "SRB"]
[SourceTitle "playchess.com"]
[Source "ChessBase"]
[SourceQuality "1"]

{[%evp 9,94,-2,5,-35,-40,-40,-33,-39,-8,-12,-8,-13,0,-3,12,0,0,0,0,0,0,-30,0,0,0,0,0,0,4,0,0,0,2,0,6,0,14,14,46,48,51,51,64,58,77,27,27,29,27,27,27,16,17,16,16,0,17,25,25,0,0,0,0,0,0,-10,-10,-10,8,8,8,8,8,8,8,8,8,8,8,8,8,8,8,8,8,8,8]} 1. d4 Nf6 2. Bg5 d5 3. Bxf6 gxf6 4. c4 dxc4 5. e3 {[#]} c5 $1 {[%mdl 512] LiveBook: 74 Games} 6. dxc5 {D00: 1 d4 d5: Unusual lines} (6. d5 Bg7 7. Bxc4 f5 8. Nc3 Nd7 9. Nge2 a6 10. a4 Ne5 11. Ba2 O-O 12. O-O Rb8 {1-0 (40) Duda,J (2737)-Wojtaszek,R (2733) Dortmund 2018}) 6... Qxd1+ 7. Kxd1 e6 8. Bxc4 {Black is slightly better.} Bxc5 9. Nd2 $146 ({Predecessor:} 9. Nf3 a6 10. Nc3 b5 11. Bd3 Nd7 12. Ke2 b4 {0-1 (50) Dominguez Pons,E (2335)-Bachmann,A (2598) Lille 2014}) 9... Ke7 10. Ngf3 a6 11. Ke2 Nc6 12. Rac1 Bb6 13. a3 Bd7 14. Bd3 Rac8 15. g4 h6 16. Ne4 Ne5 17. Nxe5 fxe5 18. Ng3 Bc5 19. Be4 b6 20. Rhg1 a5 21. Bd3 Rc7 22. Ne4 Rhc8 23. h4 {[%cal Bh2h4,Bh4g5][%mdl 32]} b5 24. g5 hxg5 25. hxg5 Bb6 26. Rxc7 Bxc7 27. Rh1 Bc6 {[#]} 28. g6 $1 {[%mdl 512]} Bxe4 $1 (28... fxg6 29. Rh7+) 29. Bxe4 {Rc1 is the strong threat.} fxg6 $11 {[%mdl 4096] Endgame KRB-KRB} 30. Rc1 {Strongly threatening Bb7.} Kd6 31. Rd1+ Ke7 32. Rc1 {Hoping for Bb7.} Kd6 33. Bxg6 Rb8 34. b4 axb4 {The position is equal.} 35. axb4 Kd7 36. Kd3 Bd6 37. Kc3 Rc8+ 38. Kb2 Rf8 39. Kb3 Rxf2 40. Bd3 Rf3 41. Rc3 Ke7 42. Bxb5 e4 43. Bc6 Rg3 44. Kc4 Bc7 45. Kb5 Bf4 46. Bxe4 Rxe3 47. Rxe3 Bxe3 {Accuracy: White = 65%, Black = 69%.} 1/2-1/2

[Event "Orbis-2 GM 2018"]
[Site "Paracin"]
[Date "2018.12.09"]
[Round "9"]
[White "Krishnater Kushager"]
[Black "Stankovic, Milos"]
[Result "1/2-1/2"]
[WhiteElo "2305"]
[BlackElo "2451"]
[Annotator "TA"]
[PlyCount "24"]
[EventDate "2018.12.03"]
[EventType "tourn"]
[EventCountry "SRB"]
[SourceTitle "playchess.com"]
[Source "ChessBase"]
[SourceQuality "1"]

{[%evp 19,21,0,1,-1]} 1. d4 Nf6 2. c4 g6 3. Nc3 d5 4. Nf3 Bg7 5. h4 (5. Qb3 dxc4 6. Qxc4 O-O 7. e4 Nc6 8. Be2 e5 9. d5 Nd4 10. Nxd4 exd4 11. Qxd4 c6 12. Qc4 b5 13. Qxc6 Bd7 14. Qd6 Re8 15. Bg5 b4 16. Qxb4 Nxd5 17. Nxd5 Qxg5 {½-½ (33) Vidit,S (2711)-Vachier Lagrave,M (2780) chess.com INT 2018}) 5... dxc4 6. e4 {[%cal Be2e4,Be4e5][%mdl 32] D90: Grünfeld: 4 Nf3 Bg7 sidelines} c5 7. d5 {[%cal Bd4d5,Bd5d6][%mdl 32]} b5 8. h5 O-O 9. hxg6 fxg6 10. e5 Ng4 {[%mdl 64] [#] LiveBook: 13 Games. Discovered Attack} 11. d6 {Predecessor:} e6 $146 12. Rxh7 Rf5 {½-½ (24) Gledura,B (2615)-Tari,A (2603) Malmo 2018} 1/2-1/2

[Event "Orbis-2 GM 2018"]
[Site "Paracin"]
[Date "2018.12.09"]
[Round "9"]
[White "Der Manuelian, Haik"]
[Black "Gukesh D"]
[Result "1/2-1/2"]
[WhiteElo "2262"]
[BlackElo "2466"]
[Annotator "TA"]
[PlyCount "62"]
[EventDate "2018.12.03"]
[EventType "tourn"]
[EventCountry "SRB"]
[SourceTitle "playchess.com"]
[Source "ChessBase"]
[SourceQuality "1"]

{[%evp 31,62,23,44,22,21,17,16,9,25,40,90,-89,-73,-129,-123,-113,-99,-121,-104,-118,-106,-123,-121,-132,-87,-84,-88,-90,-33,-35,-40,-50,-27]} 1. e4 c5 2. Nf3 Nc6 3. d4 cxd4 4. Nxd4 Nf6 5. Nc3 e5 6. Ndb5 d6 7. Bg5 a6 8. Na3 b5 9. Nd5 Be7 10. Bxf6 Bxf6 11. c3 O-O 12. Nc2 Bg5 13. a4 bxa4 14. Rxa4 a5 15. Bc4 Rb8 16. b3 g6 {LiveBook: 8 Games. B33: Sicilian: Pelikan and Sveshnikov Variations} (16... Kh8 17. Nce3 g6 18. h4 Bxh4 19. g3 Bg5 20. f4 exf4 21. gxf4 Bh4+ 22. Kf1 Be6 23. Ra2 f5 24. Rah2 g5 {½-½ (37) Yu,Y (2760)-Lenic,L (2662) chess.com INT 2018}) 17. Qd3 Kh8 18. Nce3 f5 {The position is equal.} 19. h4 $146 ({Predecessor:} 19. O-O Be6 20. Rd1 Qd7 21. f3 f4 22. Nc2 Bd8 23. Raa1 g5 24. Rd2 g4 25. fxg4 Rg8 26. Kh1 Rxg4 27. Ne1 Qf7 28. Nf3 Rg6 29. Rad1 Rh6 30. Rb1 Rg6 31. Rbd1 Rh6 {½-½ (31) Talpak,T (2492)-Blitsko,B (2473) ICCF email 2015}) 19... Bxh4 (19... Bxe3 $5 20. Nxe3 Qf6 $14) 20. g3 Bf6 21. Bb5 $2 {[#]} (21. exf5 $16 {and life is bright.} gxf5 22. Qe2 (22. Nxf5 e4 $17) (22. Nxf6 Qxf6 23. Kf1 Be6 $11)) 21... Ne7 $1 $17 {Strongly threatening ...fxe4.} 22. Nxf6 (22. Bc4 $142) 22... Rxf6 23. exf5 Nxf5 24. Nd5 Bb7 {aiming for ...Bxd5.} 25. Bc4 Rf7 26. Qd2 Bc6 27. Ra3 Bb5 28. Bxb5 Rxb5 29. O-O {[#]} Nd4 $1 {[%mdl 512]} 30. cxd4 $15 {Hoping for Nc3.} Rxd5 31. Qa2 {b4! is the strong threat.} Rxd4 {Precision: White = 55%, Black = 63%.} 1/2-1/2

[Event "Orbis-2 GM 2018"]
[Site "Paracin"]
[Date "2018.12.09"]
[Round "9"]
[White "Aithmidou, Mohamed-Mehdi"]
[Black "Djordjevic, Vuk"]
[Result "0-1"]
[WhiteElo "2261"]
[BlackElo "2414"]
[Annotator "TA"]
[PlyCount "78"]
[EventDate "2018.12.03"]
[EventType "tourn"]
[EventCountry "SRB"]
[SourceTitle "playchess.com"]
[Source "ChessBase"]
[SourceQuality "1"]

{[%evp 21,78,6,68,-142,-145,-129,-139,-128,-136,-131,-140,-135,-127,-148,-146,-145,-146,-153,-147,-141,-141,-163,-165,-172,-168,-176,-182,-163,-168,-196,-187,-295,-221,-278,-208,-589,-589,-683,-574,-906,-897,-29985,-781,-29986,-29987,-29987,-29988,-29988,-29959,-29986,-29987,-29991,-29987,-29995,-29996,-29996,-29997,-29997,-29998]} 1. d4 Nf6 2. c4 e6 3. g3 d5 4. Bg2 Bb4+ 5. Bd2 Be7 6. Nf3 O-O 7. O-O b6 8. Qc2 c6 9. Rd1 {E11: Bogo-Indian} Ba6 10. Ne5 (10. b3 Nbd7 11. Bf4 Rc8 12. Nc3 Nh5 13. Bc1 f5 14. e3 Bd6 15. a4 Nhf6 16. Ne2 c5 17. Nf4 Qe7 18. cxd5 cxd4 19. Qb2 dxe3 20. Nxe6 exf2+ 21. Qxf2 {0-1 (35) Sarana,A (2613)-Jakovenko,D (2748) Satka 2018}) 10... Nfd7 11. cxd5 Nxe5 {LiveBook: 4 Games} ({Black should try} 11... cxd5 $11 12. Nd3 Bb7) 12. dxc6 $146 {[#]} (12. d6 $1 $14 {stays ahead.} Qxd6 13. Bf4 {[%mdl 64] Pin}) ({Predecessor:} 12. d6 Qxd6 13. Bf4 Rc8 14. Bxe5 Qd8 15. Nc3 Nd7 16. Ne4 Bb7 {1-0 (68) Bok,B (2591)-Hansen,E (2573) London 2015}) 12... Nexc6 $1 $17 {[%mdl 512]} 13. Bxc6 Nxc6 14. Qxc6 Bxe2 15. Re1 Rc8 16. Qe4 Ba6 17. Bf4 Rc4 18. Rd1 Qd7 19. Nc3 Rd8 20. Qe2 Ra4 21. Qf3 Rxd4 22. Rxd4 Qxd4 23. Rd1 Qc4 24. Rxd8+ Bxd8 {[%csl Ga6][%cal Rc4f1]} 25. Qd1 {[%cal Rd1d8]} Be7 26. f3 (26. Be5 $142) 26... h6 27. Bb8 Qc8 28. Qa4 $2 (28. Be5) 28... b5 $19 {[%cal Bb6b5,Bb5b4][%mdl 32]} ({Weaker is} 28... Qxb8 29. Qxa6 f5 30. Kg2 $17) 29. Qf4 b4 30. Ne4 {Now Qc7 and White clings on.} Qc4 {[%csl Ga6][%cal Rc4f1]} 31. h4 f5 (31... Qf1+ $142 32. Kh2 f5 33. Bxa7 fxe4 34. Qxe4 Bc4 35. Qe3 Bxa2 36. b3 Qa6 37. Kg2 Qd6 38. Bd4 Qd5 39. Qe5 Qxe5 40. Bxe5 Bxb3 41. Kf1 Ba4 42. Ke2 b3 43. Kd3 Ba3 44. Kc4 b2 45. Bxb2 Bxb2 46. Kd3 e5 47. Ke2 Bc6 48. Ke3 Bd4+ 49. Ke2 h5 50. Kd3 Bxf3 51. Kc4 Bf2 52. Kb3 e4 53. g4 Bxg4 54. Kb2 e3 55. Ka3 e2 56. Ka2 e1=Q 57. Kb3 Bd1+ 58. Ka3 Qc3+ 59. Ka2 Qc2+ 60. Ka3 Bc5#) 32. Nd2 Bc5+ {Black mates.} 33. Kh2 Qe2+ 34. Kh3 Be3 {[%mdl 64] [#] Double Attack} 35. Qd6 Bxd2 36. Qc6 Kh7 37. h5 Qf1+ 38. Kh2 Qf2+ 39. Kh1 Bf1 {Accuracy: White = 19%, Black = 65%.} 0-1